Diagnostika finančného zdravia podnikateľského subjektu

Saved in:
Bibliographic Details
Main Author: Hazuchová, Anna (Author)
Other Authors: Majerník, Milan (Thesis advisor)
Format: Manuscript Book
Language:Slovak
Published: 2020
Subjects:
Online Access:http://is.stuba.sk/zp/portal_zp.pl?podrobnosti=150736
Tags: Add Tag
No Tags, Be the first to tag this record!

MARC

LEADER 00000ntm a22000003a 4500
001 stuzp79846
003 SK-STU
005 20200627210914.2
007 ta
008 150427s2015----xo-----f-mn---000-0-slo-d
040 |a STU  |b slo 
041 0 |a slo 
100 1 |a Hazuchová, Anna  |u 902024  |4 aut  |U Ústav manažmentu STU  |T ÚM - Oddelenie manažmentu chemických a potravinárskych technológií  |X 82138  |U R2024  |Y 408  |7 82138 
242 0 1 |a The diagnosis of financial health a business entity  |y eng 
245 1 0 |a Diagnostika finančného zdravia podnikateľského subjektu 
260 |c 2020 
650 4 |a finančná analýza  |2 slo 
650 4 |a finančné zdravie  |2 slo 
650 4 |a finančné výkazy  |2 slo 
650 4 |a financial analysis  |2 eng 
650 4 |a financial statements  |2 eng 
650 4 |a financial health  |2 eng 
700 1 |a Majerník, Milan  |u 902024  |k Z1  |4 ths  |U Ústav manažmentu STU  |T ÚM - Oddelenie manažmentu chemických a potravinárskych technológií  |X 506  |U R2024  |Y 408  |7 A000000506 
856 4 |u http://is.stuba.sk/zp/portal_zp.pl?podrobnosti=150736